Logo Biblioteca

Minuto para el crimen / (Registro nro. 31)

Detalles MARC
000 -LEADER
fixed length control field 01595nam a22002177a 4500
003 - CONTROL NUMBER IDENTIFIER
control field OSt
005 - DATE AND TIME OF LATEST TRANSACTION
control field 20230711131343.0
008 - FIXED-LENGTH DATA ELEMENTS--GENERAL INFORMATION
fixed length control field 230705s2015 ag ||||| |||| 00| 1 spa d
020 ## - INTERNATIONAL STANDARD BOOK NUMBER
International Standard Book Number 9789500437257
040 ## - CATALOGING SOURCE
Language of cataloging spa
Transcribing agency besoc
100 1# - MAIN ENTRY--PERSONAL NAME
Personal name Blake, Nicholas
Dates associated with a name (1904-1972)
Relator term autor
245 10 - TITLE STATEMENT
Title Minuto para el crimen /
Statement of responsibility, etc. Nicholas Blake ; traducción de Estela Canto
250 ## - EDITION STATEMENT
Edition statement 1a ed.
260 ## - PUBLICATION, DISTRIBUTION, ETC.
Place of publication, distribution, etc. Buenos Aires :
Name of publisher, distributor, etc. Emecé,
Date of publication, distribution, etc. 2015
300 ## - PHYSICAL DESCRIPTION
Extent 269 p.
490 ## - SERIES STATEMENT
Series statement El séptimo círculo / colección creada por Jorge Luis Borges y Adolfo Bioy Casares
520 ## - SUMMARY, ETC.
Summary, etc. Hacia finales de la Segunda Guerra Mundial, en un inexistente Ministerio de Moral, el investigador Nigel Strangeways deberá encontrar al asesino de una compañera de trabajo. Nita ha sido envenenada durante una reunión y la situación de "cuarto cerrado" obligado a considerar que el asesino fue uno de los presentes en la sala, quien puso el veneno en la sala de café de la víctima a la vista de todos. La desaparición de un archivo secreto y el descubrimiento de un amante de Nita van complejizando la dilucidación del caso. "Precisamente porque Nita había llevado una vida turbulenta, porque todos esos hombres la quisieron para querida y no para esposa, era por lo que estimaba tanto la seguridad. Naturalmente, toda mujer busca la seguridad: es biológico. (...) Yo me burlaba de ella (...) Pero ella, pobrecita, no tenía sentido del humor. Y por qué habría de tenerlo en este punto?" [Nota del editor].
650 #4 - SUBJECT ADDED ENTRY--TOPICAL TERM
Topical term or geographic name entry element Literatura inglesa
Form subdivision Novelas
Chronological subdivision Siglo XX
700 ## - ADDED ENTRY--PERSONAL NAME
Personal name Canto, Estela
Relator term traductor
942 ## - ADDED ENTRY ELEMENTS (KOHA)
Source of classification or shelving scheme Universal Decimal Classification
Koha item type Obra General
Suppress in OPAC No
Existencias
Withdrawn status Lost status Source of classification or shelving scheme Damaged status Not for loan Collection Home library Current library Date acquired Total checkouts Full call number Barcode Date last seen Price effective from Koha item type
    Universal Decimal Classification     Colección General Biblioteca Escuela de Ciencias Sociales Biblioteca Escuela de Ciencias Sociales 11/07/2023   82-312.4(410) B636 000662 11/07/2023 11/07/2023 Obra General
Biblioteca de la Escuela Preuniversitaria en Ciencias Sociales y Humanísticas.
Riobamba 250 bis.
CP 2000 - Rosario - Santa Fe
E-Mail: biblioteca@esociales.unr.edu.ar